South Eastern Kenya University

Library Online Public Access Catalogue


Introduction to criminal justice / (Record no. 6381)

MARC details
000 -LEADER
fixed length control field 00436nam a22001577a 4500
020 ## - INTERNATIONAL STANDARD BOOK NUMBER
International Standard Book Number 0534573061
050 ## - LIBRARY OF CONGRESS CALL NUMBER
Classification number KF 9223
Item number .S4 2001
100 ## - MAIN ENTRY--PERSONAL NAME
Personal name Senna ,Joseph
245 ## - TITLE STATEMENT
Title Introduction to criminal justice
250 ## - EDITION STATEMENT
Edition statement 9th ed.
260 ## - PUBLICATION, DISTRIBUTION, ETC. (IMPRINT)
Place of publication, distribution, etc. USA:
Name of publisher, distributor, etc. Thomson Learning,
Date of publication, distribution, etc. 2002.
300 ## - PHYSICAL DESCRIPTION
Extent 644p.
650 ## - SUBJECT ADDED ENTRY--TOPICAL TERM
Topical term following geographic name as entry element Criminal justice ,Administration of United states
Form subdivision Criminal law -United Stated
700 ## - ADDED ENTRY--PERSONAL NAME
Personal name Siegel,Larry
942 ## - ADDED ENTRY ELEMENTS (KOHA)
Source of classification or shelving scheme Library of Congress Classification
Koha item type General circulation
Holdings
Withdrawn status Lost status Source of classification or shelving scheme Damaged status Not for loan Home library Current library Shelving location Date acquired Total Checkouts Full call number Barcode Date last seen Price effective from Koha item type
    Library of Congress Classification     School of Law Library School of Law Library General Stacks 20/07/2015   KF 9223 .S4 2001 2015/012983 20/07/2015 20/07/2015 General circulation
Kitui, Kenya.
+254736116989
library@seku.ac.ke